[Event "Fouesnant op 14th"]
[Site "Fouesnant"]
[Date "2008.10.28"]
[Round "5"]
[White "Gouanelle, Franck"]
[Black "Nicolas, Tristan"]
[Result "1-0"]
[WhiteElo "2159"]
[BlackElo "1938"]
[PlyCount "89"]
[EventDate "2008.10.25"]
[EventType "swiss"]
[EventRounds "9"]
[EventCountry "FRA"]
[SourceTitle "EXT 2009"]
[Source "ChessBase"]
[SourceDate "2008.11.26"]
[SourceVersion "1"]
[SourceVersionDate "2008.11.26"]
[SourceQuality "1"]

1. Nf3 Nf6 2. c4 g6 3. Nc3 Bg7 4. e4 d6 5. d4 0-0 6. Be2 Nbd7 7. 0-0 e5 8. Qc2 a5 9. Rd1 exd4 10. Nxd4 c6 11. f3 Qc7 12. Be3 Nc5 13. Rab1 Nfd7 14. b3 Re8 15. Bf2 Ne5 16. Bf1 Ne6 17. Qd2 Nxd4 18. Bxd4 Be6 19. Na4 c5 20. Bf2 Rad8 21. Nc3 Bf8 22. Nb5 Qb6 23. Bh4 Be7 24. Bxe7 Rxe7 25. f4 Ng4 26. f5 Bc8 27. Bd3 Nf6 28. Qg5 Kg7 29. Nc3 Re5 30. Rf1 Qc7 31. Qf4 Qe7 32. g4 Ne8 33. Nd5 Rxd5 34. exd5 g5 35. f6+ Qxf6 36. Qe4 Qg6 37. Qe7 Rd7 38. Qxd7 Bxd7 39. Bxg6 hxg6 40. h3 f5 41. Rfe1 Kf7 42. a3 fxg4 43. hxg4 Bxg4 44. b4 Bf5 45. bxa5 1-0

[Event "Fouesnant op 14th"]
[Site "Fouesnant"]
[Date "2008.10.28"]
[Round "4"]
[White "Nicolas, Tristan"]
[Black "Delaire, Eric"]
[Result "1/2-1/2"]
[WhiteElo "1938"]
[BlackElo "1862"]
[PlyCount "81"]
[EventDate "2008.10.25"]
[EventType "swiss"]
[EventRounds "9"]
[EventCountry "FRA"]
[SourceTitle "EXT 2009"]
[Source "ChessBase"]
[SourceDate "2008.11.26"]
[SourceVersion "1"]
[SourceVersionDate "2008.11.26"]
[SourceQuality "1"]

1. d4 Nf6 2. c4 c5 3. d5 e6 4. Nc3 exd5 5. cxd5 d6 6. e4 g6 7. Nf3 Bg7 8. Be2 0-0 9. Nd2 Na6 10. 0-0 Re8 11. Qc2 Nc7 12. a4 a6 13. Ra3 Nfxd5 14. exd5 Bxc3 15. bxc3 Rxe2 16. c4 Ne8 17. Bb2 Qe7 18. Qc3 f6 19. f3 Qe5 20. Qd3 Bf5 21. Bxe5 Bxd3 22. Bf4 Rxd2 23. Bxd2 Bxf1 24. Kxf1 Rd8 25. Rb3 Rd7 26. Rb6 Kf7 27. Kf2 Ke7 28. g4 Kd8 29. Kg3 Re7 30. Ba5 Kc8 31. Rb2 Re3 32. Bd2 Ra3 33. a5 Ra4 34. Rc2 Kc7 35. Be1 b5 36. axb6+ Kxb6 37. Rb2+ Kc7 38. Re2 Kd7 39. Rb2 Kc7 40. Re2 Kd7 41. Rb2 1/2-1/2

[Event "Bretagne-ch U16"]
[Site "Ploermel"]
[Date "2007.02.16"]
[Round "6"]
[White "Nicolas, Tristan"]
[Black "Migot, Tangi"]
[Result "1/2-1/2"]
[WhiteElo "1912"]
[BlackElo "1969"]
[PlyCount "46"]
[EventDate "2007.02.13"]
[EventType "tourn"]
[EventRounds "6"]
[EventCountry "FRA"]
[SourceTitle "EXT 2008"]
[Source "ChessBase"]
[SourceDate "2007.11.25"]
[SourceVersion "1"]
[SourceVersionDate "2007.11.25"]
[SourceQuality "1"]

1. d4 g6 2. c4 Bg7 3. Nf3 d6 4. e4 e5 5. Nc3 exd4 6. Nxd4 Ne7 7. Be2 0-0 8. 0-0 Nbc6 9. Be3 f5 10. f3 fxe4 11. fxe4 Rxf1+ 12. Bxf1 Ne5 13. h3 N7c6 14. Nxc6 bxc6 15. c5 Qe7 16. Qb3+ Be6 17. Qb7 Rf8 18. cxd6 Qh4 19. Qxa7 Qg3 20. Kh1 Bxh3 21. gxh3 Ng4 22. hxg4 Rxf1+ 23. Rxf1 Qh3+ 1/2-1/2

[Event "Bretagne-ch U16"]
[Site "Ploermel"]
[Date "2007.02.15"]
[Round "4"]
[White "Bourgois, Bastien"]
[Black "Nicolas, Tristan"]
[Result "1-0"]
[WhiteElo "1908"]
[BlackElo "1912"]
[PlyCount "69"]
[EventDate "2007.02.13"]
[EventType "tourn"]
[EventRounds "6"]
[EventCountry "FRA"]
[SourceTitle "EXT 2008"]
[Source "ChessBase"]
[SourceDate "2007.11.25"]
[SourceVersion "1"]
[SourceVersionDate "2007.11.25"]
[SourceQuality "1"]

1. d4 Nf6 2. c4 g6 3. Nc3 Bg7 4. e4 d6 5. Nf3 0-0 6. Be2 Nbd7 7. 0-0 e5 8. d5 Nc5 9. Nd2 a5 10. f3 Nh5 11. Nb3 f5 12. Be3 b6 13. Nxc5 dxc5 14. Qd2 f4 15. Bf2 Nf6 16. Rad1 Ne8 17. d6 Nxd6 18. Qd5+ Kh8 19. Qxa8 Qg5 20. h4 Qh6 21. Qd5 Bf6 22. Qd2 Bxh4 23. Bxh4 Qxh4 24. Bd3 g5 25. Qf2 Qh5 26. Be2 Rf6 27. g4 fxg3 28. Qxg3 Nf7 29. Rf2 Rf4 30. Rh2 Rh4 31. Rxh4 gxh4 32. Qg2 h3 33. Qg3 Qh6 34. Kh2 Qe3 35. Rg1 1-0

[Event "FRA-chT3 Gr06 0607"]
[Site "France"]
[Date "2006.12.10"]
[Round "4.8"]
[White "Croguennoc, Laurie"]
[Black "Nicolas, Tristan"]
[Result "0-1"]
[WhiteElo "1430"]
[BlackElo "1823"]
[PlyCount "52"]
[EventDate "2006.10.15"]
[EventType "team"]
[EventRounds "9"]
[EventCountry "FRA"]
[SourceTitle "EXT 2008"]
[Source "ChessBase"]
[SourceDate "2007.11.25"]
[SourceVersion "1"]
[SourceVersionDate "2007.11.25"]
[SourceQuality "1"]
[WhiteTeam "Brest"]
[BlackTeam "Quimper"]
[WhiteTeamCountry "FRA"]
[BlackTeamCountry "FRA"]

1. e4 c5 2. Nf3 d6 3. Nc3 Nf6 4. d3 g6 5. Bg5 Bg7 6. d4 cxd4 7. Nxd4 0-0 8. Bc4 Nxe4 9. Bxf7+ Rxf7 10. Nxe4 d5 11. Nc3 h6 12. Bh4 g5 13. Bg3 Qb6 14. Ndb5 d4 15. Nc7 dxc3 16. Nxa8 Qe6+ 17. Qe2 cxb2 18. Rb1 Bc3+ 19. Kf1 Qxa2 20. Qd1 e5 21. Nc7 Rd7 22. Ke2 Qc4+ 23. Ke3 Rxd1 24. Rhxd1 Bd4+ 25. Ke4 Qxc2+ 26. Kf3 g4# 0-1

[Event "Fouesnant op 12th"]
[Site "Fouesnant"]
[Date "2006.11.01"]
[Round "6"]
[White "Nicolas, Tristan"]
[Black "Baugin, Alain"]
[Result "1-0"]
[WhiteElo "1823"]
[BlackElo "2110"]
[PlyCount "78"]
[EventDate "2006.10.28"]
[EventType "swiss"]
[EventRounds "9"]
[EventCountry "FRA"]
[SourceTitle "EXT 2008"]
[Source "ChessBase"]
[SourceDate "2007.11.25"]
[SourceVersion "1"]
[SourceVersionDate "2007.11.25"]
[SourceQuality "1"]

1. d4 Nf6 2. c4 e6 3. Nc3 Bb4 4. e3 c5 5. Nge2 Ne4 6. Qc2 d5 7. a3 Qa5 8. cxd5 Bxc3+ 9. Nxc3 Nxc3 10. Qxc3 Qxc3+ 11. bxc3 exd5 12. Bd3 0-0 13. 0-0 Bd7 14. a4 Rc8 15. Bd2 Bc6 16. f3 Rd8 17. Bc1 Nd7 18. a5 g6 19. Rb1 b6 20. Rf2 bxa5 21. Ra2 a4 22. Ba3 c4 23. Bc2 Rdb8 24. Rab2 Rxb2 25. Rxb2 Rb8 26. Rxb8+ Nxb8 27. e4 dxe4 28. fxe4 Bd7 29. d5 f6 30. Bd6 Na6 31. Kf2 Kf7 32. Ke3 Ke8 33. Kd4 Bb5 34. Bb1 Kd7 35. Ba3 Nc7 36. Ba2 a6 37. Bxc4 Bxc4 38. Kxc4 Nb5 39. Kb4 a5+ 1-0

[Event "Fouesnant op 12th"]
[Site "Fouesnant"]
[Date "2006.10.29"]
[Round "2"]
[White "Nicolas, Tristan"]
[Black "Labarrere, Daniel"]
[Result "1/2-1/2"]
[WhiteElo "1823"]
[BlackElo "1965"]
[PlyCount "42"]
[EventDate "2006.10.28"]
[EventType "swiss"]
[EventRounds "9"]
[EventCountry "FRA"]
[SourceTitle "EXT 2008"]
[Source "ChessBase"]
[SourceDate "2007.11.25"]
[SourceVersion "1"]
[SourceVersionDate "2007.11.25"]
[SourceQuality "1"]

1. e4 c6 2. d4 Na6 3. Nf3 Nc7 4. Nc3 d5 5. Bf4 dxe4 6. Bxc7 Qxc7 7. Nxe4 Nf6 8. Nc3 Bg4 9. Bc4 e6 10. Qe2 Bd6 11. 0-0-0 0-0-0 12. h3 Bxf3 13. Qxf3 Rd7 14. Kb1 Qa5 15. Rd3 Rhd8 16. Rhd1 Qg5 17. Ne4 Nxe4 18. Qxe4 Qg6 19. Qxg6 hxg6 20. Rf3 Rh8 21. c3 Rh4 1/2-1/2

[Event "FRA-ch U14"]
[Site "Aix les Bains"]
[Date "2006.04.19"]
[Round "5"]
[White "Nicolas, Tristan"]
[Black "Arduin, Antoine"]
[Result "0-1"]
[WhiteElo "1870"]
[BlackElo "2060"]
[PlyCount "60"]
[EventDate "2006.04.16"]
[EventType "swiss"]
[EventRounds "9"]
[EventCountry "FRA"]
[SourceTitle "EXT 2007"]
[Source "ChessBase"]
[SourceDate "2006.11.23"]
[SourceVersion "1"]
[SourceVersionDate "2006.11.23"]
[SourceQuality "1"]

1. d4 d5 2. c4 e6 3. Nc3 Nf6 4. Bg5 Be7 5. e3 0-0 6. Nf3 b6 7. Bd3 Bb7 8. Qc2 Nbd7 9. cxd5 exd5 10. 0-0 h6 11. Bh4 c5 12. dxc5 Nxc5 13. Be2 Nfe4 14. Bxe7 Qxe7 15. Nxe4 dxe4 16. Nd4 Rac8 17. Qd2 Rfd8 18. Qb4 Qe5 19. Rfd1 Qf6 20. Bg4 Nd3 21. Rxd3 exd3 22. Bxc8 Rxc8 23. Qd2 Qg6 24. f3 h5 25. Rd1 Ba6 26. b4 Bc4 27. Qc3 Qg5 28. Rxd3 Ba6 29. Qd2 Bxd3 30. f4 Qg6 0-1

[Event "Bretagne-ch U14"]
[Site "Sarzeau"]
[Date "2006.03.22"]
[Round "3"]
[White "Le Bail, Arielle"]
[Black "Nicolas, Tristan"]
[Result "1/2-1/2"]
[WhiteElo "1800"]
[BlackElo "1870"]
[PlyCount "38"]
[EventDate "2006.02.21"]
[EventType "swiss"]
[EventRounds "6"]
[EventCountry "FRA"]
[SourceTitle "EXT 2007"]
[Source "ChessBase"]
[SourceDate "2006.11.23"]
[SourceVersion "1"]
[SourceVersionDate "2006.11.23"]
[SourceQuality "1"]

1. e4 c5 2. Nf3 d6 3. d4 cxd4 4. Nxd4 Nf6 5. Nc3 a6 6. f3 e5 7. Nb3 Be6 8. Be3 Nbd7 9. Be2 b5 10. 0-0 Be7 11. Qe1 0-0 12. Rd1 Qc7 13. Rd2 Nb6 14. Qf2 Nfd7 15. Qg3 Kh8 16. Kh1 b4 17. Nd1 f5 18. exf5 Bxf5 19. Nf2 d5 1/2-1/2

[Event "Bretagne-ch U14"]
[Site "Sarzeau"]
[Date "2006.02.24"]
[Round "6"]
[White "Nicolas, Tristan"]
[Black "Gueguen, Ronan"]
[Result "1/2-1/2"]
[WhiteElo "1870"]
[BlackElo "1820"]
[PlyCount "37"]
[EventDate "2006.02.21"]
[EventType "swiss"]
[EventRounds "6"]
[EventCountry "FRA"]
[SourceTitle "EXT 2007"]
[Source "ChessBase"]
[SourceDate "2006.11.23"]
[SourceVersion "1"]
[SourceVersionDate "2006.11.23"]
[SourceQuality "1"]

1. d4 Nf6 2. Nf3 d5 3. c4 c6 4. Bg5 Bf5 5. Nc3 e6 6. e3 Bd6 7. cxd5 cxd5 8. Qb3 Qc7 9. Bb5+ Nc6 10. 0-0 a6 11. Be2 0-0 12. h3 Ne4 13. Nxe4 Bxe4 14. Rac1 Qd7 15. Ne1 Rac8 16. Qa4 h6 17. Bh4 Ne5 18. Qxd7 Nxd7 19. Nd3 1/2-1/2